000 00751nmm a2200253 a 4500
003 AR-BaBNM
005 20251128210516.0
008 190020s1909 ||||||||||||||000 | spa||
040 _cAR-BaBNM
100 1 _aSarmiento, Domingo Faustino
_d1811-1888
245 1 0 _aObras de D.F. Sarmiento
_bViajes por Europa, Africa i América : 1845-1847
_n5 ;
260 _aParis
_bBelin hnos.
_c1909
500 1 _aEsta obra no se encuentra en en la BNM, por tal motivo se debe solicitar con anticipación para su consulta
530 _aInternet
650 4 _aVIAJES
650 4 _aCORRESPONDENCIA
650 4 _aMEMORIAS
651 4 _aEuropa
651 4 _aAmérica
651 _aAfrica
653 0 _aRELATOS DE VIAJES
942 _cBK
998 _cMariana
999 _c15734
_d15734